Random Number Generation and Monte Carlo Methods

Salvato in:
Dettagli Bibliografici
Autore principale: Gentle, James E. (Autore)
Natura: Libro
Lingua:inglese
Pubblicazione: New York : Springer Science+Business Media, Inc., 2003
Edizione:2.ed.
Soggetti:
Tags: Aggiungi Tag
Nessun Tag, puoi essere il primo ad aggiungerne!!

MARC

LEADER 00000nam a22000003a 4500
001 stu207607
005 20190206105139.5
008 100715s2005----xxu-----------------eng-d
020 |a 978-0-387-00178-4 
040 |a STU  |b slo 
041 0 |a eng 
044 |a xxu 
080 |a 519.233.3 
080 |a 621.377.62 
100 1 |a Gentle, James E.  |4 aut 
245 1 |a Random Number Generation and Monte Carlo Methods 
250 |a 2.ed. 
260 |a New York :  |b Springer Science+Business Media, Inc.,  |c 2003 
300 |a 381 s 
650 7 |a náhodné veličiny  |2 stusub 
650 7 |a metóda Monte Carlo  |2 stusub 
996 |b 284EK88362  |c E*88362  |l EE22  |s P  |a 0  |w stu207607_0001 
996 |b 284EK88363  |c E*88363  |l EE22  |s P  |a 0  |w stu207607_0002